000 00378nam a2200121 4500
008 b xx# fre u
040 _aLB-BrCRDP
082 1 _a372.3
_bGHO
100 1 _aGhosn, Clément
245 1 0 _aAnimation des situations d'apprentissage des sciences
_bcycle 3, 2006/2007
_cClément Ghosn
942 _cBK
999 _c10077
_d10077